000 00362nam a2200157Ia 4500
003 OSt
008 191201s2005 xx 000 0 und d
082 _a352.749
_bGAI
100 _aGANGULI, Prabuddha
245 0 _aIntellectual property Rights
250 _a3rd
260 _aNew Delhi
_bTMH
_c2005
300 _a506
650 _aGeneral Books
942 _2ddc
_cBK
999 _c2140
_d2140